000 00675nam a2200241Ia 4500
003 OSt
005 20220923224936.0
006 a|||||r|||| 00| 0
007 ta
008 220922b |||||||| |||| 00| 0 hin d
024 _a253,957
037 _cTextual
040 _aARTS
_cARTS
_bhin
041 _2hin
_ahin
082 _aO152,3N19,NA, L5
100 _aअमृता प्रीतम
_9156318
245 0 _aनागमणि
246 _aNāgamaṇi
260 _c1975
650 _aहिन्दी साहित्य
_9156264
942 _hO152,3N19,NA, L5
_cTEXL
_2CC
999 _c374832
_d374832